01248nam a2200253 a 4500001001000000005001700010008004100027041000800068044000700076084002000083100004500103245009500148260004200243300002200285500016100307500010300468500017700571500000900748650005200757650005600809650003400865650004500899740005000944BRCA_246420190320203825.0191108s1831----sp-a---###---#000-0#spa-u aspa asp a104b.P65c18311 aCervantes Saavedra, Miguel ded1547-161610aEl Ingenioso Hidalgo Don Quijote de la Manchaccompuesto por Miguel de Cervantes Saavedra. aZaragozabPolo y Monge hermanosc1831 a2 v.bil.c16 cm. aContenido : v 1. Primera parte. Dedicatoria. Prólogo del autor. Versos preliminares. Texto. -- v 2. Segunda parte. Dedicatoria. Prólogo del autor. Texto aEstado físico : La cubierta del volúmen 2 se encuentra semidesprendida, con portada apolillada aEdición económica,impresa en letramuy metida y con láminas de Lafuente mal dibujadas. Piel; lomeras adornadas con dorados. Ejemplar roto y apolillado Lúdovik Osterc aQM8614aNovela españolayÉpoca clásica, 1500-170014aLiteratura españolayÉpoca clásica, 1500-170014aNovela españolaySiglo XVII14aDon Quijote (Personaje ficticio)eNovela0 aEl Ingenioso Hidalgo Don Quijote de la Mancha